000 00725nam a2200301Ia 4500
001 5366
003 10708
005 20241015170539.0
008 ||||||n9999 ||| || ||
041 _aspa
082 _219
_a338.98
100 _aBalassa, Bela A.
_99068
245 0 _aHacia una renovacion del crecimiento economico en America Latina
260 _aMéxico :
_bEl Colegio de México,
_c1986.
300 _a70p
562 _e1
650 0 _aAMÉRICA LATINA
_922
650 0 _aPolítica comercial
_95607
650 0 _aPolítica económica
_9154
942 _cBKM
999 _c5366
_d5366
526 _a116204
526 _a4969
526 _a19790
526 _a104436
526 _a5144
526 _a51868
526 _a1697